LIBRARY & INFORMATION CENTRE, KCAET, TAVANUR

ONLINE PUBLIC ACCESS CATALOGUE (OPAC)

Anthology of English prose / (Record no. 11544)

MARC details
000 -LEADER
fixed length control field 00361cam a2200145ua 4500
041 ## - LANGUAGE CODE
Language code of text/sound track or separate title eng
082 ## - DEWEY DECIMAL CLASSIFICATION NUMBER
Classification number 824
Item number EDW/an
100 ## - MAIN ENTRY--AUTHOR NAME
Personal name Edwards, S L .
245 ## - TITLE STATEMENT
Title Anthology of English prose /
260 ## - PUBLICATION, DISTRIBUTION, ETC. (IMPRINT)
Place of publication London :
Name of publisher J M Dent and Sons Ltd ,
Year of publication 1960.
300 ## - PHYSICAL DESCRIPTION
Number of Pages 400 ; .
942 ## - ADDED ENTRY ELEMENTS (KOHA)
Koha item type Books
Holdings
Withdrawn status Lost status Damaged status Home library Current library Date acquired Full call number Accession Number Koha item type
Withdrawn     KAUAET Sanskrit University 07/04/2012 824 4378 Books
free website counter